<?xml version="1.0" encoding="UTF-8"?>
<collection xmlns="http://www.loc.gov/MARC21/slim">
 <record>
  <leader>01383nam a2200313   4500</leader>
  <controlfield tag="001">DLU140162257</controlfield>
  <controlfield tag="005">##20140620</controlfield>
  <datafield tag="040" ind1="#" ind2="#">
   <subfield code="a">DLU</subfield>
   <subfield code="b">vie</subfield>
  </datafield>
  <datafield tag="041" ind1="#" ind2="#">
   <subfield code="a">vie</subfield>
  </datafield>
  <datafield tag="044" ind1="#" ind2="#">
   <subfield code="a">vn</subfield>
  </datafield>
  <datafield tag="082" ind1="#" ind2="#">
   <subfield code="a">305.895 93</subfield>
   <subfield code="b">HU-Q</subfield>
  </datafield>
  <datafield tag="100" ind1="#" ind2="#">
   <subfield code="a">Huỳnh Thanh Quang,</subfield>
   <subfield code="c">TS.</subfield>
  </datafield>
  <datafield tag="245" ind1="#" ind2="#">
   <subfield code="a">Giá trị văn hoá Khmer vùng đồng bằng sông Cửu Long :</subfield>
   <subfield code="b">Sách tham khảo /</subfield>
   <subfield code="c">Huỳnh Thanh Quang.</subfield>
  </datafield>
  <datafield tag="260" ind1="#" ind2="#">
   <subfield code="a">H. :</subfield>
   <subfield code="b">Chính trị Quốc gia - Sự thật,</subfield>
   <subfield code="c">2011.</subfield>
  </datafield>
  <datafield tag="300" ind1="#" ind2="#">
   <subfield code="a">242 tr. ;</subfield>
   <subfield code="c">21 cm.</subfield>
  </datafield>
  <datafield tag="505" ind1="#" ind2="#">
   <subfield code="a">Chương I. Giá trị văn hoá Khmer vùng đồng bằng sông Cửu Long -- Chương II. Thực trạng và những vấn đề đặt ra trong phát huy giá trị văn hoá Khmer vùng đồng bằng sông Cửu Long -- Chương III. Phương hướng và giải pháp nhằm phát huy giá trị văn hoá Khmer vùng đồng bằng sông Cửu Long trong giai đoạn hiện nay.</subfield>
  </datafield>
  <datafield tag="650" ind1="#" ind2="#">
   <subfield code="a">Người Khmer</subfield>
   <subfield code="z">Việt Nam</subfield>
   <subfield code="z">Đồng bằng sông Mêkông (Việt Nam và Campuchia).</subfield>
  </datafield>
  <datafield tag="650" ind1="#" ind2="#">
   <subfield code="a">Tộc người thiểu số</subfield>
   <subfield code="z">Việt Nam</subfield>
   <subfield code="z">Đồng bằng sông Mêkông (Việt Nam và Campuchia)</subfield>
   <subfield code="x">Đời sống xã hội và tập quán,</subfield>
  </datafield>
  <datafield tag="923" ind1="#" ind2="#">
   <subfield code="a">01/2014LS</subfield>
  </datafield>
  <datafield tag="991" ind1="#" ind2="#">
   <subfield code="a">SH</subfield>
  </datafield>
  <datafield tag="992" ind1="#" ind2="#">
   <subfield code="a">42000</subfield>
  </datafield>
  <datafield tag="994" ind1="#" ind2="#">
   <subfield code="a">KLS</subfield>
  </datafield>
  <datafield tag="900" ind1="#" ind2="#">
   <subfield code="a">True</subfield>
  </datafield>
  <datafield tag="911" ind1="#" ind2="#">
   <subfield code="a">Đào Thị Thu Huyền</subfield>
  </datafield>
  <datafield tag="925" ind1="#" ind2="#">
   <subfield code="a">G</subfield>
  </datafield>
  <datafield tag="926" ind1="#" ind2="#">
   <subfield code="a">A</subfield>
  </datafield>
  <datafield tag="927" ind1="#" ind2="#">
   <subfield code="a">SH</subfield>
  </datafield>
  <datafield tag="980" ind1="#" ind2="#">
   <subfield code="a">Thư viện Trường Đại học Đà Lạt</subfield>
  </datafield>
 </record>
</collection>
